000 01568nam a2200241 i 4500
001 10306
003 ES-MaACL
005 20240122141322.0
007 t|
008 950503m1985 xxuab |||| |deng d
020 _a0-85229-423-9
080 _a03=2
245 0 4 _aThe New Encyclopaedia Britannica.
250 _a15th. ed.
260 _aChicago [etc.] :
_bEnciclopaedia Britannica,
_c1985-
300 _av. :
_bil. ;
_c29 cm.
505 8 _aContiene: PROPAEDIA : Outline of knowledge and guide to the Britannica -- INDEX : A-K - L-Z -- 1 : A-ak-Bayes -- 2 : Bayeu-Ceanothus -- 3 : Ceara-Deluc -- 4 : Delusion-Frenssen -- 5 : Freon-Holderlin -- 6 : Holderness-Krasnoje -- 7 : Krasnokamsk-Menadra -- 8 : Menage-Otawa -- 9 : Otter-Rethimnon -- 10 : Reti-Soloves -- 11 : Solovyov-Truck -- 12 : Trudeau-Zywiec -- MACROPAEDIA :Knowledge in depth : 13 : Accouting-Architecture -- 14 : Artic-Biosphere -- 15 : Birds-Chemical -- 16 : Chicago-Death -- 17 : Decorative-Edison -- 18 : Education-Evolution -- 19 : Excretion-Geometry -- 20 : Geomorphic-Immunity -- 21 : India-Ireland -- 22 : Islam-Life -- 23 : Light-Metabolism -- 24 : Metaphysics-Norway -- 25 : Number-Prague -- 26 : Pre-columbian-Sacred -- 27 : Safety-Southern -- 28 : Spain-Union -- 29 : United-Zoroastrianism. -- BOOK OF THE YEAR : 1985-1998 -- MEDICAL AND HEALTH ANNUAL : 1986-1998 -- SCIENCE AND FUTURE : 1986, 1988-1998 -- SUPPLEMENT : Vol. 1-2
650 _aEnciclopedias.
_912235
740 0 _aEncyclopaedia Britannica.
852 _aES-MaACL
_jJ-116
942 _2udc
999 _c10306
_d10306